Set Theory and Related Topics: (Record no. 2148)

MARC details
000 -LEADER
fixed length control field 00592nam a22002057a 4500
003 - CONTROL NUMBER IDENTIFIER
control field OSt
005 - DATE AND TIME OF LATEST TRANSACTION
control field 20180207192115.0
008 - FIXED-LENGTH DATA ELEMENTS--GENERAL INFORMATION
fixed length control field 150714b xxu||||| |||| 00| 0 eng d
020 ## - INTERNATIONAL STANDARD BOOK NUMBER
International Standard Book Number 0070379866
040 ## - CATALOGING SOURCE
Transcribing agency 040a
082 ## - DEWEY DECIMAL CLASSIFICATION NUMBER
Classification number 511.3
Item number LIP 1964
100 ## - MAIN ENTRY--PERSONAL NAME
Personal name Lipshutz, Seymour;
9 (RLIN) 2701
245 ## - TITLE STATEMENT
Title Set Theory and Related Topics:
Remainder of title functions, relations, cardinal and ordinal numbers
260 ## - PUBLICATION, DISTRIBUTION, ETC. (IMPRINT)
Place of publication, distribution, etc. New York;
Name of publisher, distributor, etc. McGraw-Hill,
Date of publication, distribution, etc. 1964
300 ## - PHYSICAL DESCRIPTION
Extent ii, 233p;
Other physical details ill:
Dimensions 15 cm
440 ## - SERIES STATEMENT/ADDED ENTRY--TITLE
Title Schaum's outline series
9 (RLIN) 721
504 ## - BIBLIOGRAPHY, ETC. NOTE
Bibliography, etc includes index
650 ## - SUBJECT ADDED ENTRY--TOPICAL TERM
Topical term or geographic name as entry element Mathematics
9 (RLIN) 810
942 ## - ADDED ENTRY ELEMENTS (KOHA)
Source of classification or shelving scheme Dewey Decimal Classification
Koha item type Short Loan
Holdings
Withdrawn status Lost status Source of classification or shelving scheme Damaged status Not for loan Home library Current library Date acquired Inventory number Total Checkouts Full call number Barcode Date last seen Koha item type
    Dewey Decimal Classification     MUST Main Library MUST Main Library 14/07/2015 113   511.3 LIP 1964 2015-2081 14/07/2015 Short Loan
    Dewey Decimal Classification     MUST Main Library MUST Main Library 14/07/2015 125   511.3 LIP 1964 2015-2082 14/07/2015 Short Loan